Music Quiz

Random Music or Lyrics Quiz

Tori Amos - Figure out the lyrics 5 Quiz Stats

 Plays Quiz not verified by Sporcle

Challenge
Share
Tweet
Embed
Score 0/280 Timer 10:00
0 Plays Today
Answer % Correct
the
93.4%
the
93.4%
and
93.4%
and
93.4%
the
93.4%
the
93.4%
the
93.4%
the
93.4%
the
93.4%
the
93.4%
the
93.4%
a
93.4%
the
93.4%
the
93.4%
and
93.4%
the
93.4%
the
93.4%
the
93.4%
the
93.4%
the
93.4%
and
93.4%
93.4%
you
88.7%
you
88.7%
you
88.7%
you
88.7%
you
88.7%
you
88.7%
you
88.7%
you
88.7%
she
81.1%
she
81.1%
she
81.1%
he
79.2%
he
79.2%
he
79.2%
to
75.5%
to
75.5%
it
75.5%
go
73.6%
we
73.6%
we
73.6%
in
73.6%
we
73.6%
in
73.6%
we
73.6%
we
73.6%
we
73.6%
in
73.6%
your
70.8%
your
70.8%
your
70.8%
your
70.8%
your
70.8%
your
70.8%
your
70.8%
your
70.8%
your
70.8%
so
69.8%
on
69.8%
on
69.8%
so
69.8%
on
69.8%
on
69.8%
so
69.8%
on
69.8%
so
69.8%
so
69.8%
on
69.8%
so
69.8%
on
69.8%
so
69.8%
on
69.8%
on
69.8%
on
69.8%
so
69.8%
on
69.8%
on
69.8%
so
69.8%
on
69.8%
on
69.8%
what
67.9%
don't
67%
don't
67%
don't
67%
don't
67%
is
66%
is
66%
her
65.1%
know
64.2%
are
64.2%
are
64.2%
know
64.2%
are
64.2%
Answer % Correct
are
64.2%
are
64.2%
know
64.2%
are
64.2%
are
64.2%
are
64.2%
were
60.4%
were
60.4%
were
60.4%
were
60.4%
were
60.4%
were
60.4%
way
58.5%
when
58.5%
all
57.5%
girl
57.5%
it's
57.5%
it's
57.5%
girl
57.5%
us
56.6%
was
55.7%
can't
55.7%
can't
55.7%
said
54.7%
have
54.7%
said
54.7%
said
54.7%
our
51.9%
our
51.9%
our
51.9%
our
51.9%
one
50.9%
side
50%
him
50%
side
50%
thought
49.1%
now
49.1%
now
49.1%
now
49.1%
now
49.1%
i'm
48.1%
i'm
48.1%
still
46.2%
still
46.2%
this
46.2%
still
46.2%
still
46.2%
mr
45.3%
microphone
45.3%
show
45.3%
dog
45.3%
dog
45.3%
dog
45.3%
he's
44.3%
space
44.3%
something
44.3%
something
44.3%
just
44.3%
he's
44.3%
space
44.3%
space
44.3%
something
44.3%
something
44.3%
just
44.3%
something
44.3%
something
44.3%
just
44.3%
just
44.3%
gone
43.4%
gone
43.4%
gone
43.4%
been
42.5%
again
42.5%
again
42.5%
again
42.5%
again
42.5%
need
41.5%
commander
40.6%
sure
40.6%
sure
40.6%
commander
40.6%
sure
40.6%
sure
40.6%
sure
40.6%
hear
40.6%
sure
40.6%
sure
40.6%
ground
39.6%
ground
39.6%
into
39.6%
ground
39.6%
ground
39.6%
ground
39.6%
ground
39.6%
Answer % Correct
secret
38.7%
say
38.7%
feet
37.7%
feet
37.7%
understand
37.7%
lie
37.7%
i
37.7%
feet
37.7%
feet
37.7%
feet
37.7%
feet
37.7%
societies
36.8%
finally
36.8%
through
36.8%
must
36.8%
park
36.8%
finally
36.8%
finally
36.8%
centuries
35.8%
believes
35.8%
where's
35.8%
pissing
35.8%
river
35.8%
trailer
35.8%
there's
34.9%
he'll
34.9%
coming
34.9%
deck
34.9%
halls
34.9%
deck
34.9%
halls
34.9%
moved
34.9%
with
34.9%
call
34%
keep
34%
good
33%
truly
33%
pie
33%
young
33%
story
33%
neil
33%
lemon
32.1%
someone
32.1%
engines
31.1%
getting
31.1%
twisted
31.1%
heard
31.1%
receiving
30.2%
worry
30.2%
seems
30.2%
somewhere
30.2%
those
30.2%
those
30.2%
those
30.2%
those
30.2%
those
30.2%
snow
29.2%
eager
29.2%
distract
29.2%
lines
29.2%
grapefruit
29.2%
she'd
29.2%
got
29.2%
rain
28.3%
secure
28.3%
winning
28.3%
ending
28.3%
dirtyfishydishcloth
27.4%
colonel
26.4%
racing
26.4%
turtles
26.4%
girls
26.4%
girls
26.4%
girls
26.4%
they're
25.5%
even
23.6%
we've
20.8%
hurt
19.8%
hold
19.8%
cause
18.9%
navy
17.9%
friends
17.9%
hair
17%
bombs
16%
andromeda
15.1%
tears
14.2%
dogs
14.2%
pairs
14.2%
nasty
14.2%
barking
13.2%
before
11.3%
stood
10.4%

You're not logged in!

Compare scores with friends on all Sporcle quizzes.
Join for Free
OR
Log In

You Might Also Like...

Show Comments

Extras

Top Quizzes Today


Score Distribution

Your Account Isn't Verified!

In order to create a playlist on Sporcle, you need to verify the email address you used during registration. Go to your Sporcle Settings to finish the process.

Report this User

Report this user for behavior that violates our Community Guidelines.

Details: